| 000 | 00343nam a22001457a 4500 | ||
|---|---|---|---|
| 008 | 230518b ||||| |||| 00| 0 eng d | ||
| 020 | _a1579582265 | ||
| 041 | _aeng | ||
| 080 |
_23RD EDITION _a610.73GIL |
||
| 082 | _a610.73GIL | ||
| 100 | _a9 | ||
| 101 | _aINF | ||
| 245 |
_aSYNDROMES AND INHERITED DISORDERS _cGILBERT.P |
||
| 942 |
_2udc _cBK |
||
| 999 |
_c59774 _d59774 |
||